|
|
|
|
| LEADER |
00000nam0a2200000 4500 |
| 001 |
354191 |
| 005 |
20231102010651.0 |
| 035 |
|
|
|a (RuTPU)RU\TPU\retro\11449
|
| 090 |
|
|
|a 354191
|
| 100 |
|
|
|a 20200617d1979 k y0rusy50 ca
|
| 101 |
0 |
|
|a rus
|
| 102 |
|
|
|a UA
|
| 105 |
|
|
|a a z 001zy
|
| 200 |
1 |
|
|a Физика и механика нелинейных явлений
|e сборник научных трудов
|f Академия наук Украинской ССР, Институт физики ; под ред. А. И. Лурье
|
| 210 |
|
|
|a Киев
|c Наукова думка
|d 1979
|
| 215 |
|
|
|a 212 с.
|c ил.
|
| 320 |
|
|
|a Библиогр. в конце ст.
|
| 606 |
1 |
|
|a Механика нелинейная
|2 stltpush
|3 (RuTPU)RU\TPU\subj\58914
|9 76598
|
| 606 |
1 |
|
|a Математическая физика
|2 stltpush
|3 (RuTPU)RU\TPU\subj\41221
|9 61028
|
| 610 |
1 |
|
|a нелинейные аспекты
|
| 610 |
1 |
|
|a нелинейные методы
|
| 610 |
1 |
|
|a нелинейные явления
|
| 610 |
1 |
|
|a асимптотические методы
|
| 610 |
1 |
|
|a теория возмущений
|
| 610 |
1 |
|
|a малые параметры
|
| 610 |
1 |
|
|a проекционные методы
|
| 610 |
1 |
|
|a анализ
|
| 610 |
1 |
|
|a молекулярные системы
|
| 610 |
1 |
|
|a замагниченная плазма
|
| 610 |
1 |
|
|a гидродинамика
|
| 610 |
1 |
|
|a газовые пузыри
|
| 610 |
1 |
|
|a резонансные колебания
|
| 675 |
|
|
|a 531.01
|v 4
|
| 675 |
|
|
|a 53:51
|v 4
|
| 702 |
|
1 |
|a Лурье
|b А. И.
|4 340
|
| 712 |
0 |
2 |
|a Академия наук Украинской ССР
|b Институт физики
|2 stltpush
|3 (RuTPU)RU\TPU\col\12595
|9 25468
|
| 801 |
|
1 |
|a RU
|b 63413507
|c 20200617
|
| 801 |
|
2 |
|a RU
|b 63413507
|c 20201221
|g RCR
|
| 942 |
|
|
|c BK
|